Výroba ružovej arómy v membránovom bioreaktore s integrovaným silikónovým membránovým modulom bakalárska práca

Enregistré dans:
Détails bibliographiques
Auteur principal: Vavro, Matej
Format: Livre
Langue:slovaque
Publié: Bratislava STU FCHPT 2017
Accès en ligne:Voir à l'OPAC
Tags: Ajouter un tag
Pas de tags, Soyez le premier à ajouter un tag!

MARC

LEADER 00000nam a2200000 a 4500
005 20260127134123.0
008 171128 2017 xo 001 0 slo d
035 |a vtls011724154 
039 9 |y 201711281219  |z mschk03 
040 |a STUSCHK1  |b slo  |c STUSCHK1  |e AACR2 
100 1 |a Vavro, Matej 
245 1 |a Výroba ružovej arómy v membránovom bioreaktore s integrovaným silikónovým membránovým modulom  |b bakalárska práca  |c 2017 
260 |a Bratislava  |b STU FCHPT  |c 2017 
300 |a 62 s.  |b il.  |c 25 cm 
500 |a Študijný program: chemické inžinierstvo 
500 |a Študijný odbor: chemické inžinierstvo 
500 |a Školiace pracovisko: Oddelenie chemického a biochemického inžinierstva 
500 |a Evid. číslo: FCHPT-5431-76896 
910 |a SCHK95 
999 |c 4522  |d 4522